Flagi Ameryki Południowej - Statystyki

Ogólne statystyki
  • Ten quiz został rozwiązany 55 razy
  • Średni wynik to 11 z 13
Statystyki odpowiedzi
Obrazkowy Odpowiedź % Poprawnych
Brazylia
100%
Argentyna
92%
Chile
92%
Ekwador
92%
Peru
92%
Urugwaj
92%
Kolumbia
90%
Wenezuela
90%
Boliwia
87%
Gujana
82%
Paragwaj
82%
Surinam
82%
Trynidad i Tobago
62%
Nie znaleziono quizów pasujących do podanych kryteriów
Rozkład punktacji
Procent ludzi z każdym wynikiem
Percentyl według liczby udzielonych odpowiedzi
Twoja historia wyników
Nie rozwiązałeś tego quizu